000 00802nam a22002177a 4500
999 _c179411
_d179411
005 20210610155630.0
010 _aB-740213
020 _a9788187358725
_c750.00
035 _aB-740213
037 _bGift
082 _a954.08
100 _aLiebau, Heike
245 0 0 _aCultural encounters in India:
_bthe local co-workers of the Tranquebar mission, 18th to 19th centuries /
_cby Heike Liebau ; translated from the German by Rekha V. Rajan
260 _aNew Delhi
_bSocial Science Press
_c2013
270 _a69, Jor Bagh
_bNew Delhi
_e110003
300 _aviii, 558p.
_c22cm(Hb)
500 _aIncludes bibliographical references and index
700 _aRajan, Rekha V.
942 _2ddc
_cEN
_mLIE
_h954.08